000 00574nam a2200181Ia 4500
999 _c16708
_d16708
082 _a331.700954 BRE-M
100 _aBreman, Ja;
245 0 _aMaking and unmaking of an idustrial working class : sliding down the labour hierarchy in Ahmedabad, India
260 _aNew Delhi
_bOxford University Press
_c2004
300 _aix, 315p.
504 _aIncludes bibliography and index
650 _aWorking class - Ahmedabad
650 _aLabor - Ahmedabad
650 _aLabor and laboring classes
650 _aLabor supply - Ahmedabad
650 _aWorkforce
942 _cBK